Handbook of thermoplastics injection mould design / (Record no. 60979)
[ view plain ]
| 000 -LEADER | |
|---|---|
| fixed length control field | 01215pam a2200301 a 4500 |
| 001 - CONTROL NUMBER | |
| control field | 3452152 |
| 003 - CONTROL NUMBER IDENTIFIER | |
| control field | NUST-PNEC |
| 005 - DATE AND TIME OF LATEST TRANSACTION | |
| control field | 20170116180711.0 |
| 008 - FIXED-LENGTH DATA ELEMENTS--GENERAL INFORMATION | |
| fixed length control field | 921224s1993 enka b 001 0 eng |
| 010 ## - LIBRARY OF CONGRESS CONTROL NUMBER | |
| LC control number | 92046676 |
| 020 ## - INTERNATIONAL STANDARD BOOK NUMBER | |
| International Standard Book Number | 0751400742 |
| 040 ## - CATALOGING SOURCE | |
| Transcribing agency | PNEC |
| 050 00 - LIBRARY OF CONGRESS CALL NUMBER | |
| Classification number | TP1150 |
| Item number | .C73 1993 |
| 082 00 - DEWEY DECIMAL CLASSIFICATION NUMBER | |
| Classification number | 668.423 CRA |
| 100 1# - MAIN ENTRY--PERSONAL NAME | |
| Personal name | Cracknell, P. S., |
| Dates associated with a name | 1962- |
| 245 10 - TITLE STATEMENT | |
| Title | Handbook of thermoplastics injection mould design / |
| Statement of responsibility, etc. | by P.S. Cracknell and R.W. Dyson. |
| 250 ## - EDITION STATEMENT | |
| Edition statement | 1st ed. |
| 260 ## - PUBLICATION, DISTRIBUTION, ETC. | |
| Place of publication, distribution, etc. | London ; |
| -- | New York : |
| Name of publisher, distributor, etc. | Blackie Academic & Professional, |
| Date of publication, distribution, etc. | 1993. |
| 300 ## - PHYSICAL DESCRIPTION | |
| Extent | xii, 132 p. : |
| Other physical details | ill. ; |
| Dimensions | 24 cm. |
| 500 ## - GENERAL NOTE | |
| General note | http://www.amazon.fr/Handbook-Thermoplastics-Injection-Mould-Design/dp/9401572119/ref=sr_1_1?ie=UTF8&qid=1413021464&sr=8-1&keywords=HANDBOOK+OF+THERMOPLASTIC+INJECTION+MOULD+DESIGN |
| 504 ## - BIBLIOGRAPHY, ETC. NOTE | |
| Bibliography, etc. note | Includes bibliographical references (p. [127]) and index. |
| 650 #0 - SUBJECT ADDED ENTRY--TOPICAL TERM | |
| Topical term or geographic name entry element | Injection molding of plastics. |
| General subdivision | ME, IME |
| 690 ## - LOCAL SUBJECT ADDED ENTRY--TOPICAL TERM (OCLC, RLIN) | |
| General subdivision | IME, ME |
| 700 1# - ADDED ENTRY--PERSONAL NAME | |
| Personal name | Dyson, R. W. |
| Fuller form of name | (Robert William), |
| Dates associated with a name | 1942- |
| 906 ## - LOCAL DATA ELEMENT F, LDF (RLIN) | |
| a | 7 |
| b | cbc |
| c | orignew |
| d | 1 |
| e | ocip |
| f | 19 |
| g | y-gencatlg |
| 942 ## - ADDED ENTRY ELEMENTS (KOHA) | |
| Source of classification or shelving scheme | |
| Koha item type | Book |
| Withdrawn status | Lost status | Source of classification or shelving scheme | Damaged status | Not for loan | Permanent Location | Current Location | Shelving location | Date acquired | Source of acquisition | Cost, normal purchase price | Total Checkouts | Full call number | Barcode | Date last seen | Cost, replacement price | Price effective from | Koha item type |
|---|---|---|---|---|---|---|---|---|---|---|---|---|---|---|---|---|---|
| Pakistan Navy Engineering College (PNEC) | Pakistan Navy Engineering College (PNEC) | Reference | 02/06/1997 | Pak Book Company | 2068.56 | 668.423 CRA | PNECLIB-019146 | 10/11/2014 | 2068.56 | 02/06/1997 | Book | ||||||
| Pakistan Navy Engineering College (PNEC) | Pakistan Navy Engineering College (PNEC) | Reference | 06/06/1997 | Pak Book Corporation | 2922.15 | 668.423 CRA | PNECLIB-019433 | 10/17/2014 | 2922.15 | 06/06/1997 | Book |
